000 00980nam a22003137a 4500
001 5834
003 FISKH
005 20250124082613.0
008 250124b cb ||||| |||| 00| 0 eng d
020 _a9780590259453
040 _aFISKH
_beng
_cFISKH
_dFISKH
050 _aPZ8.M127
082 _a484
100 _aMaccarone, Grace
245 _a"What is that?" said the cat /
_cby Grace Maccarone Illustrated by Jeffrey Scherer
250 _aFirst printing in 1995
260 _aNew York :
_bScholastic,
_c1995.
300 _a29 pages :
_bcolor illustrations ;
_c23 cm
490 _aScholastic reader
_vLevel 1
505 _aC
520 _aAn assortment of animals tries different ways to get a big box open, only to be VERY surprised by what is inside.
521 8 _a160
_bLexile
521 8 _aC
_bRaz-Plus
650 _2Early reader
_aFiction
650 _2Rhyming
_aCats
700 _aScherer, Jeffrey
_dillustrator
942 _2ddc
_cBK
_n0
999 _c5834
_d5834